Quiz sulla Moldavia - Statistics

Statistiche generali
  • Questo quiz è stato fatto 1.152 volte
  • Il punteggio medio è 10 su 14
Statistiche sulle risposte
Domanda Risposta % Corretto
Stati confinanti Romania
97%
Stati confinanti Ucraina
97%
Capitale Chișinău
94%
La Moldavia è a circa 50 km da questo mare Mar Nero
91%
Lingua ufficiale Romeno (Moldavo)
89%
Il 93% dei cittadini appartiene a questo ramo del cristianesimo Ortodosso
83%
Stato da cui la Moldavia ha ottenuto l'indipendenza nel 1991 Unione Sovietica
83%
La Moldavia è la nazione più _____ d'Europa Povera
73%
Repubblica separatista su una piccola striscia di terra a est di quel fiume Transnistria
59%
La Moldova produce ____ da migliaia di anni. Oggi è l'ottavo maggior produttore pro capite al mondo. Vino
47%
"Capitale" della repubblica separatista, tecnicamente la seconda città più grande della Moldavia Tiraspol
43%
Valuta Leu moldavo
40%
Regione storica che copriva la maggior parte del territorio moldavo {Bess}arabia
33%
Fiume che scorre lungo e vicino al confine orientale Dnestr
28%
Nessun quiz corrispondente trovato
Distribuzione punteggi
Percentuale di utenti per punteggio
Percentile per numero di risposta
I tuoi punteggi nel tempo
Non hai fatto questo quiz